| 000 | 00329 a2200145 4500 | ||
|---|---|---|---|
| 001 | 63839 | ||
| 020 | _a9788126139873 | ||
| 082 | _a823 HAW | ||
| 090 |
_c37760 _d37760 |
||
| 100 | _aHawthorne, N | ||
| 245 | _aThe scarlet letter | ||
| 260 |
_aNew Delhi _bAnmol Publication _c2009 |
||
| 300 | _a294p | ||
| 600 | _aAditya Nandwani | ||
| 942 |
_aNUST-CAE _k823 HAW |
||
| 999 |
_c298912 _d298912 |
||